|
|
|
|
| LEADER |
00000nas a2200000 4500 |
| 003 |
SK-BrCVT |
| 005 |
20250203090514.0 |
| 008 |
u199u9999xxu e b eng |
| 022 |
|
|
|a 0288-3635
|
| 035 |
|
|
|a CVTIDW1259903
|
| 040 |
|
|
|b slo
|a BA002
|e AACR2
|c CVTI SR
|d CVT
|
| 041 |
0 |
|
|a eng
|
| 044 |
|
|
|a xxu
|
| 080 |
|
|
|a 681.3(05)
|2 UDC-MRF
|
| 245 |
1 |
0 |
|a New generation computing
|
| 260 |
|
|
|a New York :
|b Springer
|
| 310 |
|
|
|a Štvrťročník
|
| 500 |
|
|
|a Vo fonde od roku:1991
|
| 500 |
|
|
|a V r. 1992 nedochádzal.; Od r. 1994 zrušený.
|
| 653 |
1 |
|
|a výpočtová technika
|a počítače
|a hardvér
|a softvér
|
| 910 |
|
|
|b C7310
|
| 942 |
|
|
|2 udc
|c 15
|
| 999 |
|
|
|c 161621
|d 161621
|
| 974 |
|
|
|b Soňa Beutelhauserová
|